Lectures on Law of Torts

Bibliographic Details
Main Author: Kumar, Ashok
Format: eBook
Language:English
Published: Nueva Delhi: Lambert Academic Publishing, 2019
Subjects:
Online Access:Acceso restringido

MARC

LEADER 00000nam a22000007a 4500
005 20190918134044.0
007 cr|||| ||||
008 190918s2019 in |||||s|||| 00||0 eng d
020 |a 9786139998234 
035 |a 25815 
040 |a vLex 
090 |c 9561  |d 9561 
100 1 |a Kumar, Ashok 
245 1 0 |a Lectures on Law of Torts  |h [Recurso electrn̤ico] /  |c Ashok Kumar 
256 |a Servicio en ln̕ea 
260 |a Nueva Delhi:  |b Lambert Academic Publishing,  |c 2019 
300 |a 1 recurso electrn̤ico 
500 |a The subject law of Torts is one of the most important branch of law which owes its origin to the common law of England . The subject is well developed in U.K, U.S.A, and other advanced countries But in India it is in the process of development and it is also not a codified subject like other subjects of law like the Indian contract Act 1872, The Indian Evidence Act 1872, The Indian penal code 1860 etc 
506 1 |a Disponible solo en los productos indicados  |d vLex Global  |d vLex Global (Academic Edition, excluding Law Schools)  |d vLex Global (U.S. Academic Edition, Law Schools)  |d vLex Global (U.S. Academic Edition, excluding Law Schools)  |d vLex Global (Academic Edition, Law Schools) 
650 0 4 |a Derecho Pb︢lico y Administrativo  |z India 
740 0 |a vLex Libros (Servicio en ln̕ea) 
856 4 0 |u http://vlex.com/source/25815  |z Acceso restringido 
942 |c BOOK 
999 0 |a Public and Administrative Law